000 00398 a2200133 4500
000 nam a22 7a 4500
100 _aSontheimev, Giinther-Dietz,
110 _aSontheimev, Giinther-Dietz,
245 _aFolk culture, folk religion and oral traditions as a component in maharashtrain culture
250 _alatest edition
260 _bManohar
_c2026
264 _bManohar
_c2026
942 _cBK
999 _c394650
_d394650